| 000 | 00323nam a2200121Ia 4500 | ||
|---|---|---|---|
| 008 | 190216s9999||||xx |||||||||||||| ||und|| | ||
| 100 | _aNair N G
 Latha Nair | ||
| 245 | 0 | _aPersonal Management And Industrial Relations | |
| 260 |
_bNew Central Book Agencies _c1999 |
||
| 300 | _a548p | ||
| 650 | _aCommerce | ||
| 942 | _cBK | ||
| 999 |
_c5767 _d5767 |
||